UM Logo

Asian exports/ (Record no. 3112)

MARC details
000 -LEADER
fixed length control field 00524nam a22001697a 4500
008 - FIXED-LENGTH DATA ELEMENTS--GENERAL INFORMATION
fixed length control field 160623b xxu||||| |||| 00| 0 eng d
020 ## - INTERNATIONAL STANDARD BOOK NUMBER
International Standard Book Number 0195921283
082 ## - DEWEY DECIMAL CLASSIFICATION NUMBER
Edition number 2000
Classification number DC 382.6
Item number As1
245 ## - TITLE STATEMENT
Title Asian exports/
Statement of responsibility, etc. edited by Dilip K. Das.
260 ## - PUBLICATION, DISTRIBUTION, ETC. (IMPRINT)
Place of publication, distribution, etc. New York:
Name of publisher, distributor, etc. Oxford University Press,
Date of publication, distribution, etc. c2000.
300 ## - PHYSICAL DESCRIPTION
Extent xix, 445 pages;
Dimensions 23 cm.
500 ## - GENERAL NOTE
General note Includes bibliographical references and index.
650 #0 - SUBJECT ADDED ENTRY--TOPICAL TERM
9 (RLIN) 10382
Topical term or geographic name as entry element Export
Geographic subdivision Asia
700 ## - ADDED ENTRY--PERSONAL NAME
9 (RLIN) 10383
Personal name Das, Dilip K.
Relator term Editor
365 ## - TRADE PRICE
Price type code Php
Price amount 3,575.00
942 ## - ADDED ENTRY ELEMENTS (KOHA)
Source of classification or shelving scheme Dewey Decimal Classification
Koha item type Circulation
Holdings
Withdrawn status Lost status Source of classification or shelving scheme Damaged status Not for loan Collection code Home library Current library Date acquired Source of acquisition Total Checkouts Full call number Barcode Date last seen Price effective from Koha item type
    Dewey Decimal Classification     Circulation UM Digos College - LIC UM Digos College - LIC 07/02/2004 Purchased   DC 382.6 As1 2000 17429 05/15/2025 06/23/2016 Circulation